Prophet Muhammed as commander (Record no. 42325)

MARC details
000 -LEADER
fixed length control field 00408nam a2200181Ia 4500
020 ## - INTERNATIONAL STANDARD BOOK NUMBER
ISBN 975-7388-46-7
050 ## - CALL MARK
Classification number BP 77.7 .G85/
100 ## - STATEMENT OF RESPONSIBILITY--MAIN AUTHOR NAME
Personal name Gulen, M. Fethullah
245 #0 - TITLE STATEMENT
Title Prophet Muhammed as commander
260 ## - PUBLICATION, DISTRIBUTION, ETC. (IMPRINT)
Place of publication Izmir
260 ## - PUBLICATION, DISTRIBUTION, ETC. (IMPRINT)
Name of publisher Kaynak
260 ## - PUBLICATION, DISTRIBUTION, ETC. (IMPRINT)
Year of publication 1998
300 ## - PHYSICAL DESCRIPTION
Number of Pages 124 p
650 ## - SUBJECT ADDED ENTRY--TOPICAL TERM
Topical Term Izmir
942 ## - ADDED ENTRY ELEMENTS (KOHA)
Koha item type Books
Holdings
Withdrawn status Lost status Source of classification or shelving scheme Damaged status Not for loan Permanent Location Current Location Shelving location Date acquired Accession Number Price effective from Koha item type
    Library of Congress Classification     NILE UNIVERSITY OF NIGERIA - MAIN LIBRARY NILE UNIVERSITY OF NIGERIA - MAIN LIBRARY Items on shelf 06/03/2025 0005852 06/03/2025 Books